[Event "Multitabs"]
[Site "Gladsaxe/Farum"]
[Date "1983.??.??"]
[Round "1"]
[White "Cramling, Pia"]
[Black "Kristiansen, Jens"]
[Result "0-1"]
[WhiteElo "2355"]
[BlackElo "2430"]

1. e4 c5 2. Nf3 Nc6 3. d4 cxd4 4. Nxd4 Nf6 5. Nc3 d6 6. f4 e5 7. Nf3
Be7 8. f5 O-O 9. Bc4 Qa5 10. Bd2 Qc5 11. Bb3 Nd4 12. Bg5 Nxb3 13. axb3
b5 14. Qd3 Bb7 15. O-O-O b4 16. Bxf6 Bxf6 17. Nd5 Rfc8 18. Nd2 Ba6 19.
Nc4 Bxc4 20. bxc4 Qxc4 21. b3 Qc5 22. Kb2 a5 23. Ra1 Rc6 24. Rhe1 Rac8
25. Re2 Bd8 26. Rf1 f6 27. g4 Kf8 28. Rd2 a4 29. bxa4 Qa5 30. Qb3 Rc3
31. Qa2 Ra3 32. Qb1 Qxa4 33. Rd3 Rxd3 0-1

[Event "Multitabs"]
[Site "Gladsaxe/Farum"]
[Date "1983.??.??"]
[Round "1"]
[White "Karlsson, Lars"]
[Black "Hansen, Curt"]
[Result "1/2-1/2"]
[WhiteElo "2505"]
[BlackElo "2450"]

1. c4 c5 2. Nc3 g6 3. g3 Bg7 4. Bg2 Nc6 5. Nf3 e6 6. O-O Nge7 7. e3 O-O
8. d4 cxd4 9. Nxd4 d5 10. Nxc6 bxc6 11. Qa4 a5 12. Rd1 Rb8 13. Qc2 Qc7
14. b3 Rd8 15. Bb2 Ba6 16. Na4 Bxb2 17. Nxb2 c5 18. Qc3 dxc4 19. bxc4
Rxd1+ 20. Rxd1 Bb7 21. Bxb7 Qxb7 22. Nd3 Rd8 23. Rc1 Qc6 24. Qa3 Rc8
25. Qb3 Qd6 26. Rd1 Nf5 27. Qb7 Qb8 28. Qxb8 Rxb8 29. Ne5 Rb7 30. Rd8+
Kg7 31. Ra8 Rb1+ 32. Kg2 Rb2 33. Kf3 Rxa2 34. Ra7 Nd6 35. Ra6 Kf6 36.
Rxd6 Kxe5 37. Rc6 Rc2 1/2-1/2

[Event "Multitabs"]
[Site "Gladsaxe/Farum"]
[Date "1983.??.??"]
[Round "1"]
[White "Sloth, Jorn"]
[Black "Sahl, Bjarke"]
[Result "0-1"]
[WhiteElo "2375"]
[BlackElo "2300"]

1. Nf3 c5 2. b3 d5 3. e3 Nc6 4. Bb5 f6 5. c4 d4 6. Bxc6+ bxc6 7. Nh4 g6
8. e4 e5 9. d3 Be6 10. O-O Qd7 11. Qe1 Ne7 12. Ba3 g5 13. Nf3 Ng6 14.
Qa5 Nf4 15. Ne1 Rg8 16. Kh1 Rg6 17. f3 Rh6 18. Rf2 Qf7 19. Nd2 Qh5 20.
g3 Nh3 21. Rg2 g4 22. Bxc5 Ng5 23. Bxf8 Kxf8 24. f4 Nf3 25. Nf1 f5 26.
Nxf3 gxf3 27. Rf2 fxe4 28. dxe4 Bh3 29. Qxe5 Bg2+ 30. Kg1 Qxe5 31. fxe5
Ke7 32. Nd2 Rf8 33. Nxf3 Rxf3 34. Rxg2 Re3 35. Rd1 c5 36. Rdd2 Ke6 37.
Rge2 Kxe5 38. Rxe3 dxe3 39. Rd8 Kxe4 0-1

[Event "Multitabs"]
[Site "Gladsaxe/Farum"]
[Date "1983.??.??"]
[Round "1"]
[White "Tisdall, Jonathan"]
[Black "Mortensen, Erling"]
[Result "1-0"]
[WhiteElo "2420"]
[BlackElo "2435"]

1. d4 Nf6 2. c4 g6 3. Nc3 Bg7 4. e4 d6 5. Nf3 O-O 6. Be3 e5 7. dxe5
dxe5 8. Qxd8 Rxd8 9. Nd5 Nxd5 10. cxd5 c6 11. Bc4 b5 12. Bb3 Bb7 13.
Rc1 a5 14. a3 a4 15. Ba2 b4 16. axb4 a3 17. bxa3 Rxa3 18. Bc4 cxd5 19.
exd5 Na6 20. O-O Nc7 21. d6 Ne8 22. Ng5 Nxd6 23. Nxf7 Nxc4 24. Nxd8
Nxe3 25. fxe3 Ba6 26. Ra1 1-0

[Event "Multitabs"]
[Site "Gladsaxe/Farum"]
[Date "1983.??.??"]
[Round "2"]
[White "Mortensen, Erling"]
[Black "Hansen, Curt"]
[Result "0-1"]
[WhiteElo "2435"]
[BlackElo "2450"]

1. e4 c5 2. Nf3 d6 3. d4 cxd4 4. Nxd4 Nf6 5. Nc3 a6 6. f4 Qc7 7. a4 Nc6
8. Nxc6 bxc6 9. Bd3 e5 10. O-O Be7 11. Kh1 a5 12. fxe5 dxe5 13. Be3 O-O
14. Bc4 Rb8 15. b3 Bb4 16. Bd2 Be6 17. Bxe6 fxe6 18. Qe2 Rbd8 19. Nb1
Nxe4 20. Rxf8+ Rxf8 21. Bxb4 axb4 22. Nd2 Nf2+ 23. Kg1 Qa7 24. Nc4 Qd4
25. Rf1 Ng4+ 26. Kh1 Rf2 27. Qd1 h5 28. Qc1 Re2 29. h3 Qe4 30. Rg1 Nf2+
31. Kh2 Nxh3 32. Nd6 Qg4 33. Qf1 Nf4 0-1

[Event "Multitabs"]
[Site "Gladsaxe/Farum"]
[Date "1983.??.??"]
[Round "2"]
[White "Tisdall, Jonathan"]
[Black "Sloth, Jorn"]
[Result "0-1"]
[WhiteElo "2420"]
[BlackElo "2375"]

1. d4 Nf6 2. c4 e6 3. Nc3 Bb4 4. e3 b6 5. Nge2 Ne4 6. Qc2 Bb7 7. a3
Bxc3+ 8. Nxc3 Nxc3 9. Qxc3 O-O 10. b3 d6 11. Bb2 Qf6 12. Qc2 Qg6 13.
Bd3 f5 14. f3 Qh6 15. Qe2 Nd7 16. O-O-O e5 17. Qd2 e4 18. Be2 exf3 19.
Bxf3 Be4 20. Rdf1 Rae8 21. Bxe4 Rxe4 22. Rf3 Rfe8 23. Rhf1 Rxe3 24.
Rxe3 Qxe3 25. Qxe3 Rxe3 26. Rxf5 Rxb3 27. Kc2 Re3 28. Kd2 Re6 29. Bc3
Rg6 30. g3 Rf6 31. Rxf6 Nxf6 32. Ke3 d5 33. c5 Kf7 34. Kf4 Ke6 35. Bb4
a5 36. Be1 Ne4 37. cxb6 cxb6 38. g4 Nd6 39. h3 Nc4 0-1

[Event "Multitabs"]
[Site "Gladsaxe/Farum"]
[Date "1983.??.??"]
[Round "3"]
[White "Cramling, Pia"]
[Black "Tisdall, Jonathan"]
[Result "1-0"]
[WhiteElo "2355"]
[BlackElo "2420"]

1. e4 c5 2. Nf3 e6 3. d4 cxd4 4. Nxd4 Nf6 5. Nc3 Nc6 6. Ndb5 d6 7. Bf4
e5 8. Bg5 a6 9. Na3 b5 10. Nd5 Be7 11. Bxf6 Bxf6 12. c3 Bg5 13. Nc2 Rb8
14. a4 bxa4 15. Ncb4 Nxb4 16. cxb4 O-O 17. Rxa4 a5 18. b5 Bb7 19. Bc4
Kh8 20. O-O f5 21. exf5 Rxf5 22. b4 Bxd5 23. Qxd5 axb4 24. Ra6 Be7 25.
Rfa1 Rf8 26. g3 b3 27. Bxb3 Qd7 28. Bc4 Qf5 29. R1a2 Rbc8 30. Rc6 Rb8
31. Kg2 e4 32. Qxf5 Rxf5 33. Ra7 Bd8 34. Rxd6 h5 35. Rdd7 Bb6 36. Ra2
Rbf8 37. Rdd2 h4 38. Re2 Re5 39. Rec2 hxg3 40. hxg3 g6 1-0

[Event "Multitabs"]
[Site "Gladsaxe/Farum"]
[Date "1983.??.??"]
[Round "3"]
[White "Karlsson, Lars"]
[Black "Kristiansen, Jens"]
[Result "1/2-1/2"]
[WhiteElo "2505"]
[BlackElo "2430"]

1. c4 Nf6 2. g3 c6 3. Nf3 d5 4. b3 d4 5. e3 c5 6. exd4 cxd4 7. Bg2 Nc6
8. O-O g6 9. d3 Bg7 10. Re1 Nd7 11. Nbd2 O-O 12. a3 a5 13. Rb1 Nc5 14.
Qc2 Bf5 15. Bf1 Qd6 16. b4 axb4 17. axb4 Na4 18. c5 Qd7 19. b5 Nd8 20.
Nc4 Qd5 21. Nfe5 Qxc5 22. Ba3 Qc7 23. Bxe7 Qxe7 24. Nxg6 Qxe1 25. Rxe1
hxg6 26. Nd6 Be6 27. Ra1 Nb6 28. Rxa8 Nxa8 29. Bg2 Nb6 30. Nxb7 Nxb7
31. Bxb7 Nd5 32. Qc5 1/2-1/2

[Event "Multitabs"]
[Site "Gladsaxe/Farum"]
[Date "1983.??.??"]
[Round "3"]
[White "Sloth, Jorn"]
[Black "Mortensen, Erling"]
[Result "0-1"]
[WhiteElo "2375"]
[BlackElo "2435"]

1. Nf3 Nf6 2. g3 g6 3. b3 Bg7 4. Bb2 O-O 5. Bg2 d6 6. d4 c6 7. Nbd2 a5
8. a4 d5 9. O-O Na6 10. Re1 Bf5 11. Nh4 Be6 12. c3 Qb6 13. Ba3 Rfe8
14. e3 Bg4 15. Qc2 e5 16. dxe5 Rxe5 17. Nhf3 Ree8 18. Nd4 Nc5 19. c4
Rac8 20. Rac1 Na6 21. c5 Qc7 22. h3 Bd7 23. Qc3 b6 24. b4 axb4 25. Bxb4
Nxb4 26. Qxb4 bxc5 27. Qxc5 Bf8 28. Qc3 Qe5 29. Qd3 c5 30. Nb5 Rb8 31.
e4 c4 32. Qc2 Bc5 33. Kf1 Qh5 34. exd5 Bxh3 35. Ne4 Nxe4 36. Rxe4 Bxg2+
37. Kxg2 Qxd5 38. f3 Bb6 39. Rce1 Rxe4 40. Rxe4 Rc8 41. Nc3 Qc5 42. Re1
Qc6 43. Re4 Ba5 44. Nb5 Qc5 45. Qe2 c3 46. Re5 Qb4 47. Re8+ Rxe8 48.
Qxe8+ Qf8 49. Qc6 Qd8 50. Nd6 c2 51. Ne4 Qc7 52. Nf6+ Kh8 53. Qe8+ Kg7
54. Nd7 Qxd7 55. Qxd7 c1=Q 56. Qd4+ Kg8 0-1

[Event "Multitabs"]
[Site "Gladsaxe/Farum"]
[Date "1983.??.??"]
[Round "4"]
[White "Sahl, Bjarke"]
[Black "Karlsson, Lars"]
[Result "0-1"]
[WhiteElo "2300"]
[BlackElo "2505"]

1. e4 c5 2. Nf3 d6 3. d4 cxd4 4. Nxd4 Nf6 5. Nc3 a6 6. Be2 e5 7. Nb3
Be6 8. O-O Nbd7 9. f4 Rc8 10. Kh1 Be7 11. a4 O-O 12. Be3 Re8 13. f5 Bc4
14. Nd2 d5 15. Nxc4 dxc4 16. Qe1 Bb4 17. Rd1 Qa5 18. Qg3 Kh8 19. Nd5
Qxa4 20. Bxc4 Be1 21. Qxe1 Qxc4 22. Bg5 Qxe4 23. Bxf6 Nxf6 24. Nxf6
Qxe1 25. Rfxe1 gxf6 26. Rd7 Kg7 27. Rxb7 Rxc2 28. h3 Rf2 29. Rd1 Rxf5
30. Rdd7 Rf1+ 31. Kh2 Rf8 32. Ra7 Ra1 33. b4 Ra4 34. Rdb7 h5 35. Kg3
Kg6 36. Rb6 Rd8 37. Raxa6 Rd3+ 38. Kf2 Rxa6 39. Rxa6 Rb3 40. Rb6 h4
41. b5 0-1

[Event "Multitabs"]
[Site "Gladsaxe/Farum"]
[Date "1983.??.??"]
[Round "4"]
[White "Kristiansen, Jens"]
[Black "Hansen, Curt"]
[Result "1/2-1/2"]
[WhiteElo "2430"]
[BlackElo "2450"]

1. e4 d6 2. d4 Nf6 3. Nc3 g6 4. Nf3 Bg7 5. Be2 O-O 6. O-O Bg4 7. Be3
Nc6 8. Qd2 d5 9. e5 Ne4 10. Qe1 Nxc3 11. Qxc3 f6 12. exf6 exf6 13. h3
Be6 14. Ne1 Ne7 15. Nd3 b6 16. Bf4 c6 17. Bg4 Bxg4 18. hxg4 g5 19. Bh2
Qd7 20. f3 Rfe8 21. Rae1 Ng6 22. Nb4 Rac8 23. Rxe8+ Qxe8 24. Re1 Qd7
25. Qe3 Kf7 26. c3 Bf8 27. Nc2 Re8 28. Qxe8+ Qxe8 29. Rxe8 Kxe8 30. Ne3
Kd7 31. Kf2 Bd6 32. Bxd6 Kxd6 33. Nf5+ Ke6 34. g3 1/2-1/2

[Event "Multitabs"]
[Site "Gladsaxe/Farum"]
[Date "1983.??.??"]
[Round "5"]
[White "Cramling, Pia"]
[Black "Mortensen, Erling"]
[Result "1-0"]
[WhiteElo "2355"]
[BlackElo "2435"]

1. e4 c5 2. Nf3 e6 3. Nc3 d6 4. d4 cxd4 5. Nxd4 Nf6 6. f4 a6 7. Be2 Be7
8. O-O Qc7 9. Bf3 O-O 10. Kh1 Nc6 11. Nxc6 bxc6 12. Na4 Bb7 13. c4 c5
14. Nc3 Nd7 15. Be3 Bf6 16. Rc1 Rad8 17. Qd2 g6 18. Rfd1 Nb8 19. Qf2
Bg7 20. Rd2 Nc6 21. Ne2 f5 22. exf5 gxf5 23. Rcd1 Rf7 24. Ng3 Nd4 25.
Bxb7 Qxb7 26. Nh5 Bh8 27. Qg3+ Kf8 28. Qg5 Ke8 29. Bxd4 Bxd4 30. Qg8+
Ke7 31. Qg5+ Kd7 32. Rd3 Qa8 33. Rg3 Bxb2 34. Re1 Bd4 35. Qh6 Re8 36.
Rb3 Rfe7 37. Reb1 Rg8 38. Ng3 Kc7 39. Qh5 Rg6 40. Qe2 Re8 41. Qe1 Rd8
42. Qa5+ Kd7 43. Rb7+ Ke8 44. Nxf5 exf5 45. Qe1+ Be5 46. fxe5 Kf8 47.
Qh4 Rg7 48. Qf6+ Kg8 49. Qxg7# 1-0

[Event "Multitabs"]
[Site "Gladsaxe/Farum"]
[Date "1983.??.??"]
[Round "5"]
[White "Karlsson, Lars"]
[Black "Tisdall, Jonathan"]
[Result "1-0"]
[WhiteElo "2505"]
[BlackElo "2420"]

1. Nf3 Nf6 2. g3 d5 3. Bg2 c6 4. O-O Bg4 5. c4 e6 6. b3 Nbd7 7. Bb2 Bd6
8. d4 O-O 9. Nbd2 Qe7 10. Ne5 Bh5 11. h3 Bg6 12. Nxg6 hxg6 13. e3 a5
14. a3 Bc7 15. Re1 Rfd8 16. Rc1 a4 17. cxd5 exd5 18. b4 Qd6 19. Qc2 Re8
20. e4 dxe4 21. Nxe4 Nxe4 22. Rxe4 Rxe4 23. Bxe4 Bb6 24. b5 c5 25. Bxb7
Rb8 26. dxc5 Bxc5 27. Qc3 Bxf2+ 28. Kxf2 Qb6+ 29. Ke1 Qg1+ 30. Ke2 Qh2+
31. Kf3 Nf6 32. Qc2 Qxc2 33. Rxc2 Rxb7 34. Bxf6 gxf6 35. Rb2 Kf8 36.
Ke4 Ke7 37. Kd5 Kd7 38. Kc5 Kc8 39. Kb4 Re7 40. Kxa4 Kb7 41. Ka5 f5
42. Rd2 Re3 43. a4 Re7 44. Rd3 Ka7 45. Rd6 1-0

[Event "Multitabs"]
[Site "Gladsaxe/Farum"]
[Date "1983.??.??"]
[Round "6"]
[White "Mortensen, Erling"]
[Black "Kristiansen, Jens"]
[Result "1-0"]
[WhiteElo "2435"]
[BlackElo "2430"]

1. e4 c5 2. Nf3 Nc6 3. d4 cxd4 4. Nxd4 Nf6 5. Nc3 d6 6. Bc4 e6 7. Bb3
Be7 8. Be3 O-O 9. O-O a6 10. f4 Nxd4 11. Bxd4 b5 12. e5 dxe5 13. fxe5
Nd7 14. Ne4 Bb7 15. Nd6 Bxd6 16. exd6 Qg5 17. Rf2 Rae8 18. Qd2 Qg6 19.
Raf1 Kh8 20. a4 f5 21. axb5 axb5 22. Qa5 Bc6 23. Qc3 Be4 24. Be5 Rc8
25. Qg3 Rfe8 26. Qxg6 hxg6 27. Bf4 Nc5 28. Rd2 Bc6 29. Be3 Nxb3 30.
cxb3 Bd7 31. Ra1 Ra8 32. Rdd1 Rec8 33. Rxa8 Rxa8 34. Rc1 Ra6 35. Bf4
Rc6 36. Rxc6 Bxc6 37. h4 Kg8 38. Kf2 Kf7 39. Be5 g5 40. hxg5 g6 41. g3
f4 42. gxf4 Ke8 43. Ke3 Kd7 44. Kd4 Kc8 45. Kc5 Bd7 46. Bf6 Be8 47. Kd4
Bc6 48. Kc5 Be8 49. Bc3 Bd7 50. Kd4 Bc6 51. Ke5 Kd7 52. Bd2 Bf3 53. f5
exf5 54. Bf4 Bd1 55. Kf6 Bxb3 56. Kxg6 Bc2 57. Kh7 1-0

[Event "Multitabs"]
[Site "Gladsaxe/Farum"]
[Date "1983.??.??"]
[Round "6"]
[White "Sloth, Jorn"]
[Black "Karlsson, Lars"]
[Result "1/2-1/2"]
[WhiteElo "2375"]
[BlackElo "2505"]

1. c4 g6 2. Nc3 Bg7 3. g3 e5 4. Bg2 Nc6 5. d3 d6 6. Nf3 Nf6 7. Bg5 h6
8. Bxf6 Bxf6 9. Rb1 a5 10. a3 O-O 11. b4 axb4 12. axb4 Bg7 13. Nd5 Be6
14. Nd2 Qd7 15. b5 Nd4 16. e3 Bxd5 17. Bxd5 c6 18. Bg2 Ne6 19. O-O Ra3
20. Rb3 Rfa8 21. bxc6 bxc6 22. Qf3 Rxb3 23. Nxb3 Ra3 24. Rb1 Ng5 25.
Qe2 d5 26. h4 Ne6 27. cxd5 cxd5 28. Qc2 h5 29. Ra1 Rxa1+ 30. Nxa1 d4
31. e4 g5 32. hxg5 Nxg5 33. Qd1 h4 34. gxh4 Nh3+ 35. Bxh3 Qxh3 36. Nc2
Qxh4 37. Ne1 Bh6 38. Qf3 Bf4 39. Qg2+ Kf8 40. Nf3 Qh5 41. Kf1 Qh6 42.
Ng1 Bh2 43. Ne2 1/2-1/2

[Event "Multitabs"]
[Site "Gladsaxe/Farum"]
[Date "1983.??.??"]
[Round "6"]
[White "Tisdall, Jonathan"]
[Black "Hansen, Curt"]
[Result "1/2-1/2"]
[WhiteElo "2420"]
[BlackElo "2450"]

1. d4 Nf6 2. c4 e6 3. Nc3 Bb4 4. e3 b6 5. Nge2 Ba6 6. a3 Bxc3+ 7. Nxc3
d5 8. b3 O-O 9. Bd3 c5 10. dxc5 bxc5 11. Bb2 dxc4 12. bxc4 Nbd7 13. Nb5
Nb6 14. a4 Bb7 15. Qc2 a6 16. Nc3 Qc7 17. f3 Rfd8 18. O-O Rab8 19. Rfd1
Bc6 20. Rab1 h6 21. Ba1 Nbd7 22. Ne4 Qa5 23. Nxf6+ Nxf6 24. Rxb8 Rxb8
25. Bc3 Qxa4 26. Qxa4 Bxa4 27. Ra1 Rb3 28. Bxf6 Rxd3 29. Be7 Bb3 30.
Rxa6 Rxe3 31. Ra3 Rc3 32. Bxc5 Rc1+ 33. Kf2 Bxc4 34. Bd4 f6 35. Ra1
Rc2+ 36. Kg1 Bd5 37. h3 Kh7 38. Rd1 Bc6 39. Be3 Re2 40. Bc5 g5 41. Bb4
Bd5 42. Rd2 Re3 43. Kf2 Rb3 44. Bd6 Kg6 45. Bc7 h5 46. Re2 Kf5 47. Bd6
Bc4 48. Rc2 Bd5 49. Re2 e5 50. Be7 Bc4 51. Rc2 Bb5 52. Rd2 Ke6 53. Bd8
Rb1 54. Kg3 h4+ 55. Kh2 Bc4 56. Rc2 Bd5 57. Rd2 Bb7 58. Rf2 Rd1 59. Ba5
f5 1/2-1/2

[Event "Multitabs"]
[Site "Gladsaxe/Farum"]
[Date "1983.??.??"]
[Round "7"]
[White "Hansen, Curt"]
[Black "Sloth, Jorn"]
[Result "1/2-1/2"]
[WhiteElo "2450"]
[BlackElo "2375"]

1. e4 c5 2. Nf3 d6 3. d4 cxd4 4. Nxd4 Nf6 5. Nc3 Nc6 6. Bc4 Bd7 7. Bb3
g6 8. f3 Bg7 9. Be3 O-O 10. Qd2 Nxd4 11. Bxd4 a5 12. a4 Be6 13. Nd5
Bxd5 14. exd5 Nd7 15. O-O Bxd4+ 16. Qxd4 Qb6 17. Qxb6 Nxb6 18. Rfe1
Rfe8 19. Rad1 Rac8 20. Rd4 Rc7 21. c3 Kf8 22. Kf2 Rec8 23. h4 h6 24. f4
h5 25. Rde4 Re8 26. Ke3 Kg7 27. Kf3 1/2-1/2

[Event "Multitabs"]
[Site "Gladsaxe/Farum"]
[Date "1983.??.??"]
[Round "7"]
[White "Karlsson, Lars"]
[Black "Cramling, Pia"]
[Result "1/2-1/2"]
[WhiteElo "2505"]
[BlackElo "2355"]

1. Nf3 c5 2. c4 Nc6 3. g3 g6 4. d4 cxd4 5. Nxd4 Bg7 6. Nc2 d6 7. Bg2
Be6 8. Ne3 Nf6 9. O-O O-O 10. Nc3 Qd7 11. Ned5 Na5 12. Nxf6+ Bxf6 13.
Ne4 Bg7 14. c5 dxc5 15. Nxc5 Qxd1 16. Rxd1 Bf5 17. e4 Bg4 18. f3 Rad8
19. Bg5 f6 20. Bf4 Rxd1+ 21. Rxd1 Bc8 22. b4 Nc6 23. b5 Ne5 24. Bxe5
fxe5 25. Nd7 Re8 26. b6 Bxd7 27. Rxd7 axb6 28. Bf1 Rc8 29. Rxe7 Rc2
30. Bd3 Rc3 31. Be2 Rc2 32. Kf1 Rc1+ 33. Kf2 Bf8 34. Rxe5 Bc5+ 35. Kg2
Rc2 36. Kf1 Rc1+ 37. Kg2 Rc2 1/2-1/2

[Event "Multitabs"]
[Site "Gladsaxe/Farum"]
[Date "1983.??.??"]
[Round "7"]
[White "Kristiansen, Jens"]
[Black "Sahl, Bjarke"]
[Result "1-0"]
[WhiteElo "2430"]
[BlackElo "2300"]

1. e4 c6 2. d3 d5 3. Nd2 e5 4. Ngf3 Qc7 5. d4 exd4 6. exd5 Nf6 7. dxc6
Nxc6 8. Bb5 a6 9. Bxc6+ bxc6 10. Nxd4 Be7 11. O-O c5 12. Ne2 Bb7 13.
Ng3 O-O-O 14. Qe2 Rhe8 15. Rd1 Qd7 16. Qf1 h5 17. Nc4 Qc7 18. Bd2 h4
19. Nf5 h3 20. Ba5 hxg2 21. Qe2 Rxd1+ 22. Rxd1 Bf8 23. Qd3 Be4 24.
Nfd6+ 1-0

[Event "Multitabs"]
[Site "Gladsaxe/Farum"]
[Date "1983.??.??"]
[Round "8"]
[White "Cramling, Pia"]
[Black "Hansen, Curt"]
[Result "0-1"]
[WhiteElo "2355"]
[BlackElo "2450"]

1. e4 e6 2. d4 d5 3. Nd2 c5 4. exd5 exd5 5. Ngf3 Nf6 6. Be2 c4 7. O-O
Nc6 8. Re1 Be7 9. b3 cxb3 10. axb3 O-O 11. Bb2 Bf5 12. Nf1 Rc8 13. Ne3
Be4 14. Ne5 a6 15. Nxc6 Rxc6 16. c4 Bb4 17. Rf1 Re8 18. Ra4 Bd6 19. c5
Bf4 20. Bc1 Bg6 21. g3 Bc7 22. b4 Ne4 23. Ra3 b5 24. f4 f6 25. Qb3 Bf7
26. Qa2 Qb8 27. Bd1 a5 28. bxa5 b4 29. Ba4 Ra6 30. Bxe8 Qxe8 31. Qe2
bxa3 32. Qxa6 a2 33. Nc2 h5 34. Be3 Qa4 35. Qc8+ Kh7 36. Qxc7 Qxc2 37.
Qxf7 Qe2 38. Ra1 Qxe3+ 39. Kg2 Qe2+ 40. Kg1 Nd2 41. Kh1 Nb3 0-1

[Event "Multitabs"]
[Site "Gladsaxe/Farum"]
[Date "1983.??.??"]
[Round "8"]
[White "Mortensen, Erling"]
[Black "Sahl, Bjarke"]
[Result "1-0"]
[WhiteElo "2435"]
[BlackElo "2300"]

1. e4 g6 2. d4 Bg7 3. c4 c5 4. Nf3 cxd4 5. Nxd4 Nc6 6. Be3 b6 7. Nc3
Bb7 8. Be2 Nf6 9. f4 O-O 10. Bf3 Rc8 11. e5 Ne8 12. O-O Na5 13. Bxb7
Nxb7 14. Qe2 d6 15. e6 f5 16. b4 Nf6 17. Nd5 Ng4 18. Rac1 Qe8 19. Nb5
Nd8 20. Nxa7 Ra8 21. Nb5 Nxe6 22. Bxb6 Qd7 23. Rfe1 Kf7 24. Nbc7 Nxc7
25. Qxe7+ Qxe7 26. Rxe7+ Kg8 27. Rxc7 Rxa2 28. h3 Bb2 29. Rd1 Nf6 30.
Nxf6+ Bxf6 31. Bd4 Ra4 32. b5 Bxd4+ 33. Rxd4 Rd8 34. Rd5 Rb4 35. Kh2
Kf8 36. Rxh7 1-0

[Event "Multitabs"]
[Site "Gladsaxe/Farum"]
[Date "1983.??.??"]
[Round "8"]
[White "Tisdall, Jonathan"]
[Black "Kristiansen, Jens"]
[Result "0-1"]
[WhiteElo "2420"]
[BlackElo "2430"]

1. d4 f5 2. Bg5 h6 3. Bh4 g5 4. Bg3 Nf6 5. e3 Bg7 6. Nc3 d6 7. Bd3 Nc6
8. Nf3 e6 9. Qe2 Qe7 10. Bb5 Bd7 11. h3 a6 12. Ba4 b5 13. Bb3 Na5 14.
a3 Nxb3 15. cxb3 Bc6 16. Rc1 O-O 17. O-O Bb7 18. b4 Qf7 19. Nd2 Qg6
20. Qd3 Rf7 21. f3 h5 22. Ne2 Bh6 23. Rf2 h4 24. Bh2 Raf8 25. Nc3 Qg7
26. Rcf1 g4 27. fxg4 fxg4 28. hxg4 Nxg4 29. Rxf7 Rxf7 30. e4 Be3+ 0-1

[Event "Multitabs"]
[Site "Gladsaxe/Farum"]
[Date "1983.??.??"]
[Round "9"]
[White "Karlsson, Lars"]
[Black "Mortensen, Erling"]
[Result "1/2-1/2"]
[WhiteElo "2505"]
[BlackElo "2435"]

1. c4 g6 2. Nc3 Bg7 3. g3 Nf6 4. Bg2 O-O 5. e3 c6 6. Qb3 e5 7. Nge2 d6
8. O-O Nbd7 9. d3 Nc5 10. Qc2 a5 11. h3 Bd7 12. d4 exd4 13. Nxd4 a4
14. Rb1 Qc8 15. Kh2 Re8 16. Rd1 Re5 17. e4 Rh5 18. h4 Ng4+ 19. Kg1 f5
20. Bg5 Qf8 21. exf5 Bxd4 22. Rxd4 Bxf5 23. Ne4 Ne6 24. Rd2 Nxg5 25.
hxg5 Rxg5 26. Qc3 Bxe4 27. Bxe4 Re8 28. Bf3 Ne5 29. Bg2 Rf5 30. Rbd1
Qf7 31. b3 axb3 32. axb3 Nf3+ 33. Bxf3 Rxf3 34. Qb4 Rf8 35. Qxd6 Rxb3
36. Re1 Qf5 37. Qc7 Rb1 38. Qe7 Rxe1+ 39. Qxe1 b5 40. cxb5 cxb5 41. Qe7
h5 42. Qe3 Qf3 43. Qb6 Qe4 44. Re2 Qb1+ 45. Kh2 Qf5 46. Rb2 Qg5 47.
Rxb5 Rxf2+ 48. Qxf2 Qxb5 49. Qa2+ Kf8 50. Qa3+ Kf7 51. Qa7+ Ke6 52.
Qe3+ Qe5 53. Qb6+ Kf5 54. Qb1+ Qe4 55. Qf1+ Ke6 56. Qf2 g5 57. Qb6+ Kf5
58. Qb5+ Kg4 59. Qd7+ Kf3 60. Qf7+ Ke2 61. Qxh5+ g4 62. Qb5+ Ke1 63.
Qf1+ Kd2 64. Qf4+ Kd3 65. Kg1 Qe1+ 66. Kg2 Qe2+ 67. Kg1 Qe1+ 1/2-1/2

[Event "Multitabs"]
[Site "Gladsaxe/Farum"]
[Date "1983.??.??"]
[Round "9"]
[White "Sahl, Bjarke"]
[Black "Tisdall, Jonathan"]
[Result "1-0"]
[WhiteElo "2300"]
[BlackElo "2420"]

1. c4 b6 2. Nf3 e6 3. e3 Nf6 4. Be2 Bb7 5. O-O d5 6. b3 Bd6 7. Bb2 O-O
8. d3 Nbd7 9. Nbd2 c5 10. Re1 Re8 11. Bf1 Qc7 12. Rc1 Rac8 13. Rc2 Qb8
14. Qa1 Rcd8 15. a3 Ng4 16. g3 dxc4 17. bxc4 Qa8 18. Be2 f6 19. a4 Nge5
20. Nxe5 Nxe5 21. a5 Qc8 22. Bxe5 Bxe5 23. Qa3 Qc7 24. Rb1 Bc6 25. Ra2
Rb8 26. Bf3 f5 27. axb6 axb6 28. Qb3 Bf6 29. Ra6 Bxf3 30. Nxf3 Qd7 31.
Ne1 Be5 32. Qb5 Qe7 33. Nf3 Bd6 34. Rxb6 Rxb6 35. Qxb6 Rb8 36. Qxb8+
Bxb8 37. Rxb8+ Kf7 38. Ne5+ Kf6 39. f4 Qd6 40. Rb7 1-0

[Event "Multitabs"]
[Site "Gladsaxe/Farum"]
[Date "1983.??.??"]
[Round "9"]
[White "Kristiansen, Jens"]
[Black "Sloth, Jorn"]
[Result "1/2-1/2"]
[WhiteElo "2430"]
[BlackElo "2375"]

1. e4 c6 2. d3 d5 3. Nd2 g6 4. Ngf3 Bg7 5. g3 e5 6. Bg2 Ne7 7. O-O O-O
8. Re1 Qc7 9. b4 a5 10. exd5 Nxd5 11. Bb2 axb4 12. Bxe5 Bxe5 13. Nxe5
Be6 14. a3 bxa3 15. c4 Nf6 16. Qc1 Nbd7 17. Nxd7 Qxd7 18. Rxa3 Rxa3
19. Qxa3 Rd8 20. Nf3 Qd6 21. Qc3 Nd7 22. Ng5 Nf8 23. Qf6 Rd7 24. Nxe6
Nxe6 25. Bh3 Nf8 26. Qg5 Rd8 27. Re3 Kg7 28. Bg4 Qf6 29. Qa5 Rd4 30.
Bc8 b5 31. cxb5 Rd5 32. Qa3 cxb5 33. Re8 Rd6 34. Bh3 Qd4 35. Qa8 Rf6
36. Qa2 b4 37. Rb8 Qxd3 38. Rxb4 Ne6 39. Qa1 Qd2 40. Rb2 Qd4 41. Ra2
1/2-1/2